| 000 | 00000nam##2200000za#4500 |
| 001 | 9.700506 |
| 003 | CaOODSP |
| 005 | 20210927150516 |
| 007 | cr ||||||||||| |
| 008 | 150407|1998||||xxc|||||o f|0| 0 eng|d |
| 040 | |aCaOODSP|beng |
| 043 | |an-cn--- |
| 086 | 1 |aR32-190/1-1998E-PDF |
| 110 | 1 |aCanada. |bIndian and Northern Affairs Canada. |
| 245 | 10|aLittle Salmon/Carmacks First Nation Final Agreement between the Government of Canada, the Little Salmon/Carmacks First Nation and the Government of the Yukon |h[electronic resource] |
| 260 | |aOttawa - Ontario : |bIndian and Northern Affairs |c1998. |
| 300 | |a325p. |
| 500 | |aThe catalogue number (R32-190/1-1998E) and ISBN (0-662-26519-X) for the print edition have been incorrectly copied in this electronic publication. |
| 590 | |a15-05-Supp|b2015-03-31 |
| 690 | 07|aIndigenous rights|2gcpds |
| 775 | 08|tEntente définitive de la Première nation de Little Salmon/Carmacks conclue par le gouvernement du Canada, la Première nation de Little Salmon/Carmacks et le gouvernement du Yukon |w(CaOODSP)9.644390 |
| 856 | 40|ahttp://publications.gc.ca|qPDF|s753 KB|uhttps://publications.gc.ca/collections/collection_2015/aadnc-aandc/R32-190-1-1998-eng.pdf |
| 986 | |aQS-5335-000-EE-A1 |